| 000 | 00442nam a2200157Ia 4500 | ||
|---|---|---|---|
| 008 | 210716s1996 xx 000 0 und d | ||
| 020 | _a8186011889 | ||
| 041 | _aeng | ||
| 082 | _a006.37 PENJ | ||
| 100 | _aPenfold, John W. | ||
| 245 |
_aMicrosoft visual basic: the programmers companion. _bProgrammers companion. |
||
| 250 | _a1 | ||
| 260 |
_aNew Delhi _bGalgotia Publication Pvt Ltd _c1996 |
||
| 300 | _avii,264 | ||
| 650 | _aVisual Basic | ||
| 999 |
_c183022 _d183022 |
||